000 00422nam a2200157Ia 4500
003 GCL
008 140319s9999 xx 000 0 eng d
040 _aGCL /
_cGCL
082 0 4 _a374.1
_bP P
100 1 _aPENNEY, G. DAVID
245 1 0 _aPHYSIOLOGY : 700 QUESTIONS AND ANSWERS /
_cPENNEY, G. DAVID
260 _a[S.N] :
_bMEPC - APPLETOND AND LONGE ،
_c1996
300 _a255
650 0 4 _aPHYSIOLOGY
942 _2ddc
_cBK
999 _c10866
_d10866